Ancestors, 900 years in the life of a Chinese family = [Chʻin shih chʻien tsai shih] /

Bibliographic Details
Main Author: Ching, Frank
Format: Book
Language:English
Published: New York : Morrow, [1988]
Edition:1st ed.
Subjects:

MARC

Tag First Indicator Second Indicator Subfields
LEADER 00000cam a2200000 a 4500
001 in00000020824
005 20151007055505.0
008 871013s1988 nyuacf b 00110ceng
010 |a  87028289  
020 |a 0688044611 
035 |a (OCoLC)16922986 
035 |9 AAB8389AM 
040 |a DLC  |c DLC  |d TXA  |d UtOrBLW 
043 |a n-us---  |a a-cc--- 
049 |a TXAM  |c [A11088602] 
050 0 0 |a CT1827.5.C47  |b C47 1988 
082 0 |a 951/.009/92  |a B  |2 19 
100 1 |a Ching, Frank. 
245 1 0 |a Ancestors, 900 years in the life of a Chinese family =  |b [Chʻin shih chʻien tsai shih] /  |c Frank Ching. 
246 3 1 |a [Chʻin shih chʻien tsai shih]  
250 |a 1st ed. 
264 1 |a New York :  |b Morrow,  |c [1988] 
264 4 |c ©1988 
300 |a 528 pages, 16 unnumbered pages of plates :  |b illustrations, portraits ;  |c 25 cm. 
336 |a text  |b txt  |2 rdacontent 
337 |a unmediated  |b n  |2 rdamedia 
338 |a volume  |b nc  |2 rdacarrier 
500 |a Parallel title in Chinese characters. 
500 |a Map on lining papers. 
504 |a Bibliography: pages 471-511. 
500 |a Includes index. 
600 3 0 |a Chin family. 
600 1 0 |a Ching, Frank  |x Family. 
651 0 |a China  |v Biography. 
650 0 |a Chinese Americans  |v Biography. 
651 0 |a China  |v Genealogy. 
740 0 |a Chʻin shih chʻien tsai shih. 
740 0 |a Ancestors, nine hundred years in the life of a Chinese family. 
999 |a MARS 
999 f f |s f5adcff1-f47e-31f4-879a-5edb904bc8ca  |i 505596fa-8af9-3008-97fc-1debf9fc28e7  |t 0 
952 f f |p ric  |a Texas A&M University  |b Rellis Campus  |c Joint Library Facility  |d Remote Storage  |t 0  |e CT1827.5.C47 C47 1988  |h Library of Congress classification  |i unmediated -- volume  |m A14811088602 
998 f f |a CT1827.5.C47 C47 1988  |t 0  |l Remote Storage